Vplyv teploty a času na aktivitu mitochondriálnej ATP-ázy a respiračnú aktivitu mitochondrií pečene

Bibliographic Details
Main Authors: Klempová, F. (Author), Čepková, V. (Author)
Format: Article
Language:Slovak

MARC

LEADER 00000nab a2200000uu 4500
001 vtls010905800
003 SK-MaSNL
005 20260303110512.0
008 230121|1976 xo |||||||||||||||||slo|
015 |a SNBRB 
035 |a (urnnbn)urn:nbn:sk:snk:ar-a07v1h 
035 |a (uuid)8445c75f-40cd-4d4f-b834-66b4171d7c5a 
035 |a urn:nbn:sk:snk-ab8wal 
040 |a SNKBUCL  |b slo  |c SNKBUCL  |e AACR2 
041 0 |a slo 
044 |a xo  |c SK 
100 1 |a Klempová, F.  |4 aut  |9 1122472 
245 1 0 |a Vplyv teploty a času na aktivitu mitochondriálnej ATP-ázy a respiračnú aktivitu mitochondrií pečene  |c F. Klempová, V. Čepková 
700 1 |a Čepková, V.  |4 aut  |9 1122473 
773 0 |t Bulletin Slovenskej poľnohospodárskej akadémie Výskumného ústavu potravinárskeho  |g Roč. 15, č. 3 (1976), s. 10-18 
954 |a odborná, vedecká literatúra pôvodná (slovenská)  |2 lita 
958 |a OND 
958 |a EUIPO 
958 |a article10 
999 |c 1870596  |d 1872526